| 000 | 02257nam a22003617a 4500 | ||
|---|---|---|---|
| 001 | 103512 | ||
| 003 | KnowledgeUnlatched | ||
| 005 | 20210303105136.0 | ||
| 006 | m o d | ||
| 007 | cr u|||||||||| | ||
| 008 | 210129p20182019xx o u00| u ger d | ||
| 037 | _5BiblioBoard | ||
| 245 | 0 | 0 |
_aLiteratur in Österreich 1938-1945 - Band 4: Wien _bHandbuch eines literarischen Systems / _cUwe Baur, Karin Gradwohl-Schlacher. |
| 020 | _a9783205207092 | ||
| 029 | 1 | _ahttps://library.biblioboard.com/ext/api/media/0101a772-3d09-45c6-959e-66c66d254bfe/assets/thumbnail.jpg | |
| 040 |
_aScCtBLL _cScCtBLL |
||
| 100 | 1 |
_aBaur, Uwe _eauthor. |
|
| 506 | 0 |
_aAccess copy available to the general public. _fUnrestricted _2star |
|
| 700 | 1 |
_aGradwohl-Schlacher, Karin _eauthor. |
|
| 264 | 1 | _bBöhlau, | |
| 300 | _a1 online resource (966 p.) | ||
| 520 | _aDer Band Wien setzt die flächendeckende Bestandsaufnahme des literarischen Lebens in Österreich während des Nationalsozialismus fort. Dem Skandalisieren von Einzelfällen und der Präsenz der Schriftstellerinnen und Schriftsteller im kulturellen Gedächtnis des Landes wird eine umfassende Materialbasis für sachliche Auseinandersetzung mit dem brisanten Thema zur Seite gestellt. Das methodische Anliegen, ein "literarisches Feld" (P. Bourdieu) des deutschen Sprachraums lexikalisch aufzuschließen, wird in einem neuen Typus von Handbuch umgesetzt, einer spezifischen vernetzenden Kombination von Personen- und Institutionenlexikon. Anhand einzelner Parameter wird die Integration der AutorInnen in die unterschiedlichen Systeme von der Monarchie bis zur Zweiten Republik aufgezeigt. | ||
| 588 | 0 | _aDescription based on print version record. | |
| 590 | _aKU Open Services | ||
| 650 | 7 |
_aLiterary Collections _2bisacsh |
|
| 655 | 7 |
_aAnthologies _2lcgft |
|
| 655 | 0 | _aElectronic books. | |
| 758 |
_iIs found in: _aKnowledge Unlatched _1https://openresearchlibrary.org/module/2774bc74-146a-484f-a7ba-ab1d6a09bbfb |
||
| 856 | 4 | 0 |
_uhttps://openresearchlibrary.org/content/0101a772-3d09-45c6-959e-66c66d254bfe _zView this content on Open Research Library. _70 |
| 999 |
_c33764 _d33764 |
||